000 01048nam a2200253 i 4500
001 bg
245 0 _aEkonomiczna wycena środowiska przyrodniczego :
_breferaty z konferencji "Wartościowanie dóbr i zasobów środowiska" Białowieża, 29 maja - 1 czerwca 1994 r. /
_cpod red. nauk. Glena Andersona, Jerzego Śleszyńskiego ; tł. [z ang.] Agnieszka Markowska, Barbara Pęcikiewicz, Jerzy Śleszyński.
246 1 _aWartościowanie dóbr i zasobów środowiska
260 _aBiałystok :
_bWydaw. Ekonomia i Środowisko,
_c1996.
300 _a236, [1] s. :
_bmapy, rys., wykr. ;
_c23 cm.
500 _aTekst częśc. tł. z ang.
504 _aBibliogr. przy ref.
650 9 _aŚrodowisko człowieka
_xhigiena i ochrona
_xekonomika
_xmetody
655 _aPodręczniki
700 1 _aANDERSON, Glen.
_eRed.
700 1 _aŚLESZYŃSKI, Jerzy.
_eRed.
020 _a8385792317
040 _cBPK
041 1 _apl
_henen
080 _a504.003.12](061.3)
920 _a83-85792-31-7
942 _cKS
008 s pl f |000 0 pol
999 _c33087
_d33087
856 _uhttp://koha.tu.koszalin.pl/cgi-bin/koha/opac-detail.pl?biblionumber=33087
_yKatalog online BPK